Harp hatıralarım : (Record no. 14291)
[ view plain ]
| 000 -BAŞLIK | |
|---|---|
| Sabit Uzunlukta Kontrol Alanı | 00802nam a22002297a 4500 |
| 999 ## - SİSTEM KONTROL NUMARALARI (KOHA) | |
| Koha Biblionumber | 14291 |
| Koha Biblioitemnumber | 14291 |
| 003 - KONTROL NUMARASI IDENTIFIER | |
| Denetim Alanı | MIRAKIL |
| 005 - SON İŞLEM TARİHİ VE ZAMANI | |
| Denetim Alanı | 20201214151423.0 |
| 008 - SABİT-BOY VERİ ELEMANLARI - GENEL BİLGİLER | |
| Sabit Uzunlukta Kontrol Alanı | 201214b tu ||||| |||| 00| 0 tur d |
| 020 ## - ULUSLARARASI STANDART KİTAP NUMARASI | |
| Uluslararası Standart Kitap Numarası | 9755511865 |
| 040 ## - KATALOGLAMA KAYNAK | |
| Orijinal Kataloglama Ajansı | TR-AnCHP |
| Kataloglama Dili | tur |
| Metne Dönüştürmek Ajansı | TR-AnCHP |
| 041 ## - DİL KODU | |
| Metin / Ses Parça Veya Ayrı Başlığın Dil Kodu | tur |
| 082 ## - DEWEY ONLU SINIFLANDIRMA NUMARASI | |
| Sınıflandırma Numarası | 956.101543 |
| Ürün Numarası | S21h 2002 |
| 100 ## - ANA GİRİŞ - KİŞİSEL İSİM | |
| Kişisel Ad | Sabis, Ali İhsan |
| 245 ## - BAŞLIK TABLOSU | |
| Başlık | Harp hatıralarım : |
| Başlığın Kalan | Birinci Dünya Harbi / |
| Sorumluluk Tablosu, Vb | Ali İhsan Sabis. |
| 260 ## - YAYIN, DAĞITIM, VB | |
| Yayın, Dağıtım, Vb Yeri | İstanbul: |
| Yayıncı, Dağıtıcı, Vs Adı | Nehir Yayınları, |
| Yayın, Dağıtım, Vb Tarihi | 2002. |
| 300 ## - FİZİKSEL TANIM | |
| Kapsam | 349 s.: |
| Diğer Fiziksel Ayrıntıları | fotg.; |
| Boyutlar | 20 sm. |
| 490 0# - SERİSİ TABLOSU | |
| Seri Beyanı | Nehir Yayınları; |
| -- | Hatırlarla Yakın Tarih Dizisi; |
| Hacim / Ardışık Tanımı | 56. |
| -- | 11. |
| 600 #0 - KONU KATMA GİRİŞ - KURUMSAL ADI | |
| 9 (RLIN) | 6643 |
| Kişisel Ad | Sabis, Ali İhsan |
| Başlıklar Ve Bir Adla İlişkili Diğer Kelimeler | Asker |
| Bir Adıyla İlişkilendirilen Tarihler | 1882-1957 |
| Genel Alt Bölümü | Hatıralar |
| Kronolojik Alt Bölümü | Birinci Dünya Savaşı |
| 650 ## - KONU KATMA GİRİŞ - TOPİKAL DÖNEM | |
| Topikal Süreli Veya Coğrafi Ad Giriş Elemanı | I. Dünya Savaşı (1914-1918) |
| Genel Alt Bölümü | Tarih |
| 651 ## - KONU KATMA GİRİŞ - COĞRAFİ ADI | |
| Coğrafi İsim | Türkiye |
| Genel Alt Bölümü | Tarih |
| Kronolojik Alt Bölümü | Osmanlı İmparatorluğu |
| 942 ## - EKLENDİ GİRİŞ ELEMANLARI (KOHA) | |
| Sınıflandırma Veya Raf Düzeni Kaynak | Dewey Decimal Classification |
| Koha Öğesi Türü | Books |
| Kalıcı Konum | Mevcut Konum | Edinme Tarihi | Toplam Check-Out'Lar | Tam Çağrı Numarası | Barkod | Tarih Son Görülme | Kopya Sayısı | İtibaren Geçerli Fiyatlar | Sigara Kamu Notu | Koha Öğesi Türü |
|---|---|---|---|---|---|---|---|---|---|---|
| CHP Kütüphanesi | CHP Kütüphanesi | 12/14/2020 | 956.101543 S21h 2002 | 007702 | 12/14/2020 | c.3 | 12/14/2020 | Emine Başak Alkan Bağışıdır. | Books |
